[Event "FIN-ch Seniors 50 2020"]
[Site "Helsinki"]
[Date "2020.09.26"]
[Round "5.2"]
[White "Salmi, Ilkka"]
[Black "Vainikainen, Tommi"]
[Result "0-1"]
[WhiteElo "1870"]
[BlackElo "1850"]
[Annotator "NA"]
[PlyCount "84"]
[EventDate "2020.09.24"]
[EventType "tourn"]
[EventCountry "FIN"]
[SourceTitle "playchess.com"]
[Source "ChessBase"]
[SourceQuality "1"]
[TimeControl "40/5400+30:1800+30"]

1. e4 {[%emt 0:00:00]} e5 {[%emt 0:00:00]} 2. Nf3 {[%emt 1:31:00]} Nf6 {[%emt 0:00:00]} 3. Nc3 {[%emt 0:00:00]} Nc6 {[%emt 0:00:13]} 4. Bc4 {[%emt 0:00:00]} Nxe4 {[%emt 0:00:16]} 5. Bxf7+ {[%emt 0:00:00]} Kxf7 {[%emt 0:00:09]} 6. Nxe4 {[%emt 0:00:00]} d5 {[%emt 0:00:25]} 7. Neg5+ {[%emt 0:00:00]} Kg8 {[%emt 0:00:17]} 8. d3 {[%emt 0:00:00]} h6 {[%emt 0:00:55]} 9. Nh3 {[%emt 0:00:00]} Bg4 {[%emt 0:01:29]} 10. Be3 {[%emt 0:00:00]} Bd6 {[%emt 0:01:05]} 11. Qc1 {[%emt 0:00:00]} Qf6 {[%emt 0:04:36]} 12. Nfg1 {[%emt 0:00:00]} Re8 {[%emt 0:04:24]} 13. f3 {[%emt 0:00:00]} Bh5 {[%emt 0:12:12]} 14. Qd2 {[%emt 0:00:00]} e4 {[%emt 0:03:14]} 15. O-O-O {[%emt 0:00:00]} d4 {[%emt 0:01:13]} 16. dxe4 {[%emt 0:00:00]} dxe3 {[%emt 0:00:36]} 17. Qxe3 {[%emt 0:00:00]} Bf7 {[%emt 0:03:04]} 18. Ne2 {[%emt 0:00:00]} Be5 {[%emt 0:02:09]} 19. Qa3 {[%emt 0:00:00]} Kh7 {[%emt 0:02:00]} 20. f4 {[%emt 0:00:00]} Bd6 {[%emt 0:01:24]} 21. Qa4 {[%emt 0:09:30]} Qe6 {[%emt 1:00:49]} 22. e5 {[%emt 0:00:00]} Bc5 {[%emt 0:00:00]} 23. Kb1 {[%emt 0:00:00]} Nb4 {[%emt 0:00:00]} 24. Nc3 {[%emt 0:00:00]} Rd8 {[%emt 0:00:00]} 25. a3 {[%emt 0:00:00]} Na2 {[%emt 0:00:00]} 26. Ne4 {[%emt 0:00:00]} Be7 {[%emt 0:00:00]} 27. b3 {[%emt 0:00:00]} Bg6 {[%emt 0:00:00]} 28. Kxa2 {[%emt 0:00:00]} b5 {[%emt 0:00:00]} 29. Qb4 {[%emt 0:00:00]} a5 {[%emt 0:00:00]} 30. Nc5 {[%emt 0:00:00]} Qb6 {[%emt 0:00:00]} 31. Qc3 {[%emt 0:00:00]} Bxc5 {[%emt 0:00:00]} 32. Qb2 {[%emt 0:00:00]} b4 {[%emt 0:00:00]} 33. Rxd8 {[%emt 0:00:00]} Rxd8 {[%emt 0:00:00]} 34. g4 {[%emt 0:00:00]} Bd4 {[%emt 0:00:00]} 35. Qb1 {[%emt 0:00:00]} Be4 {[%emt 0:00:00]} 36. Re1 {[%emt 0:00:34]} Qc6 {[%emt 0:00:00]} 37. Re2 {[%emt 0:01:17]} Bc3 {[%emt 0:00:00]} 38. g5 {[%emt 0:02:22]} Bd2 {[%emt 0:00:00]} 39. Rxe4 {[%emt 0:02:16]} Qxe4 {[%emt 0:00:00]} 40. c4 {[%emt 0:00:39]} Qxb1+ {[%emt 0:00:00]} 41. Kxb1 {[%emt 0:30:10]} Be3 {[%emt 0:21:22]} 42. e6 {[%emt 0:01:12]} Kg6 {[%emt 0:00:32]} 0-1

[Event "FIN-ch Seniors 50 2020"]
[Site "Helsinki"]
[Date "2020.09.26"]
[Round "5.3"]
[White "Salimaki, Janne"]
[Black "Hamalainen, Sami"]
[Result "1/2-1/2"]
[WhiteElo "2092"]
[BlackElo "2182"]
[Annotator "ChessBase"]
[PlyCount "31"]
[EventDate "2020.09.24"]
[EventType "tourn"]
[EventCountry "FIN"]
[SourceTitle "playchess.com"]
[Source "ChessBase"]
[SourceQuality "1"]
[TimeControl "40/5400+30:1800+30"]

1. d4 e6 2. Nf3 c5 3. e4 cxd4 4. Nxd4 Nf6 5. Nc3 Nc6 6. Ndb5 d6 7. Bf4 e5 8. Bg5 a6 9. Na3 b5 10. Nd5 Be7 11. Bxf6 Bxf6 12. c3 O-O 13. Nc2 Bg5 14. a4 bxa4 15. Rxa4 Bb7 16. Bd3 1/2-1/2

[Event "FIN-ch Seniors 50 2020"]
[Site "Helsinki"]
[Date "2020.09.26"]
[Round "5.4"]
[White "Lyly, Seppo"]
[Black "Piho, Juha"]
[Result "1/2-1/2"]
[WhiteElo "1880"]
[BlackElo "1915"]
[Annotator "ChessBase"]
[PlyCount "41"]
[EventDate "2020.09.24"]
[EventType "tourn"]
[EventCountry "FIN"]
[SourceTitle "playchess.com"]
[Source "ChessBase"]
[SourceQuality "1"]
[TimeControl "40/5400+30:1800+30"]

1. e4 {[%emt 1:30:30]} c5 {[%emt 1:30:30]} 2. Nf3 {[%emt 0:00:30]} g6 {[%emt 0:00:30]} 3. d4 {[%emt 0:00:30]} cxd4 {[%emt 0:00:30]} 4. Nxd4 {[%emt 0:00:30]} Bg7 {[%emt 0:00:30]} 5. c4 {[%emt 0:00:30]} Nc6 {[%emt 0:00:30]} 6. Be3 {[%emt 0:00:30]} Nf6 {[%emt 0:00:30]} 7. Nc3 {[%emt 0:00:30]} O-O {[%emt 0:00:30]} 8. Be2 {[%emt 0:00:30]} d6 {[%emt 0:00:30]} 9. f3 {[%emt 0:00:30]} Nxd4 {[%emt 0:00:30]} 10. Bxd4 {[%emt 0:00:30]} Be6 {[%emt 0:00:30]} 11. Rc1 {[%emt 0:00:30]} a6 {[%emt 0:00:30]} 12. Qd2 {[%emt 0:00:30]} Rc8 {[%emt 0:00:30]} 13. b3 {[%emt 0:00:30]} Nd7 {[%emt 0:00:30]} 14. Be3 {[%emt 0:00:30]} f5 {[%emt 0:00:30]} 15. exf5 {[%emt 0:00:30]} gxf5 {[%emt 0:00:30]} 16. f4 {[%emt 0:00:30]} Kh8 {[%emt 0:00:30]} 17. O-O {[%emt 0:00:30]} Nf6 {[%emt 0:00:30]} 18. Bd4 {[%emt 0:00:30]} Nd7 {[%emt 0:00:30]} 19. Be3 {[%emt 0:00:30]} Nf6 {[%emt 0:00:30]} 20. Bd4 {[%emt 0:00:30]} Nd7 {[%emt 0:00:30]} 21. Be3 {[%emt 0:00:30]} 1/2-1/2

[Event "FIN-ch Seniors 50 2020"]
[Site "Helsinki"]
[Date "2020.09.27"]
[Round "6.1"]
[White "Kumpulainen, Jari"]
[Black "Piho, Juha"]
[Result "1/2-1/2"]
[WhiteElo "1912"]
[BlackElo "1915"]
[Annotator "ChessBase"]
[PlyCount "22"]
[EventDate "2020.09.24"]
[EventType "tourn"]
[EventCountry "FIN"]
[SourceTitle "playchess.com"]
[Source "ChessBase"]
[SourceQuality "1"]
[TimeControl "40/5400+30:1800+30"]

1. e4 {[%emt 0:00:37]} g6 {[%emt 0:00:00]} 2. Bc4 {[%emt 0:01:49]} Bg7 {[%emt 0:01:22]} 3. Nc3 {[%emt 0:00:51]} d6 {[%emt 0:01:32]} 4. d4 {[%emt 0:02:14]} c6 {[%emt 0:01:09]} 5. Nge2 {[%emt 0:00:41]} Nf6 {[%emt 0:07:27]} 6. f3 {[%emt 0:01:23]} Qc7 {[%emt 0:05:44]} 7. Be3 {[%emt 0:05:13]} b5 {[%emt 0:01:18]} 8. Bd3 {[%emt 0:02:51]} b4 {[%emt 0:00:42]} 9. Na4 {[%emt 0:01:28]} Nbd7 {[%emt 0:03:08]} 10. c4 {[%emt 0:04:47]} e5 {[%emt 0:03:53]} 11. d5 {[%emt 1:13:36]} Bf8 {[%emt 1:09:15]} 1/2-1/2

[Event "FIN-ch Seniors 50 2020"]
[Site "Helsinki"]
[Date "2020.09.27"]
[Round "6.2"]
[White "Hamalainen, Sami"]
[Black "Lyly, Seppo"]
[Result "1/2-1/2"]
[WhiteElo "2182"]
[BlackElo "1880"]
[Annotator "ChessBase"]
[PlyCount "63"]
[EventDate "2020.09.24"]
[EventType "tourn"]
[EventCountry "FIN"]
[SourceTitle "playchess.com"]
[Source "ChessBase"]
[SourceQuality "1"]
[TimeControl "40/5400+30:1800+30"]

1. e4 {[%emt 0:01:19]} e5 {[%emt 0:00:00]} 2. Nf3 {[%emt 0:00:06]} Nc6 {[%emt 0:00:00]} 3. Bc4 {[%emt 0:00:29]} Bc5 {[%emt 0:00:22]} 4. c3 {[%emt 0:00:06]} Qe7 {[%emt 0:01:30]} 5. O-O {[%emt 0:01:31]} Nf6 {[%emt 1:30:38]} 6. d3 {[%emt 0:10:22]} d6 {[%emt 0:00:00]} 7. b4 {[%emt 0:01:45]} Bb6 {[%emt 0:00:00]} 8. a4 {[%emt 0:00:12]} a5 {[%emt 0:00:00]} 9. b5 {[%emt 0:01:49]} Nd8 {[%emt 0:00:00]} 10. Ba3 {[%emt 0:04:40]} O-O {[%emt 0:00:00]} 11. Nbd2 {[%emt 0:07:07]} Bg4 {[%emt 0:00:00]} 12. h3 {[%emt 0:01:22]} Bh5 {[%emt 0:00:00]} 13. Qb3 {[%emt 0:01:00]} Qd7 {[%emt 0:00:00]} 14. d4 {[%emt 0:02:11]} Re8 {[%emt 0:00:00]} 15. Rfe1 {[%emt 0:01:31]} Bxf3 {[%emt 0:00:00]} 16. Nxf3 {[%emt 0:01:02]} exd4 {[%emt 0:00:00]} 17. e5 {[%emt 0:01:57]} d5 {[%emt 0:00:00]} 18. exf6 dxc4 19. Rxe8+ {[%emt 0:18:07]} Qxe8 {[%emt 0:00:00]} 20. Qxc4 {[%emt 0:00:02]} dxc3 {[%emt 0:00:00]} 21. Qg4 {[%emt 0:15:58]} Ne6 {[%emt 0:00:00]} 22. Re1 {[%emt 0:28:24]} g6 23. Ng5 {[%emt 0:00:00]} Qd7 {[%emt 0:00:00]} 24. Nxe6 {[%emt 0:00:00]} fxe6 {[%emt 0:00:00]} 25. Qc4 {[%emt 0:00:00]} Kf7 {[%emt 0:00:00]} 26. Qxc3 {[%emt 0:00:00]} Bd4 {[%emt 0:00:00]} 27. Qf3 {[%emt 0:00:00]} c5 {[%emt 0:00:00]} 28. bxc6 {[%emt 0:00:00]} bxc6 {[%emt 0:00:00]} 29. Rd1 {[%emt 0:00:00]} e5 {[%emt 0:00:00]} 30. Qb3+ {[%emt 0:00:00]} Kxf6 {[%emt 0:00:00]} 31. Rd3 {[%emt 0:01:17]} Kg7 {[%emt 0:00:00]} 32. Kh1 {[%emt 0:01:27]} 1/2-1/2

[Event "FIN-ch Seniors 50 2020"]
[Site "Helsinki"]
[Date "2020.09.27"]
[Round "6.3"]
[White "Vainikainen, Tommi"]
[Black "Salimaki, Janne"]
[Result "0-1"]
[WhiteElo "1850"]
[BlackElo "2092"]
[Annotator "ChessBase"]
[PlyCount "76"]
[EventDate "2020.09.24"]
[EventType "tourn"]
[EventCountry "FIN"]
[SourceTitle "playchess.com"]
[Source "ChessBase"]
[SourceQuality "1"]
[TimeControl "40/5400+30:1800+30"]

1. e4 {[%emt 0:00:00]} c5 {[%emt 0:00:00]} 2. c3 {[%emt 0:00:00]} Nf6 {[%emt 0:00:00]} 3. e5 {[%emt 0:00:00]} Nd5 {[%emt 0:00:05]} 4. d4 {[%emt 0:00:16]} cxd4 {[%emt 0:00:15]} 5. cxd4 {[%emt 0:00:24]} e6 {[%emt 0:00:26]} 6. Nf3 {[%emt 0:00:17]} d6 {[%emt 0:00:32]} 7. Bc4 {[%emt 0:02:47]} Nb6 {[%emt 0:00:23]} 8. Bb3 {[%emt 0:00:31]} dxe5 {[%emt 0:00:29]} 9. dxe5 {[%emt 0:00:29]} Qxd1+ {[%emt 0:01:43]} 10. Kxd1 {[%emt 0:01:23]} Nc6 {[%emt 0:01:55]} 11. Nc3 {[%emt 0:00:19]} a6 {[%emt 0:04:24]} 12. Bf4 {[%emt 0:05:17]} Nd7 {[%emt 0:02:20]} 13. Ke2 {[%emt 0:18:19]} Be7 {[%emt 0:02:18]} 14. Rac1 {[%emt 0:01:30]} h6 {[%emt 0:10:10]} 15. h4 {[%emt 0:02:33]} Nc5 {[%emt 0:06:52]} 16. Bc2 {[%emt 0:03:25]} b6 {[%emt 0:04:14]} 17. a3 {[%emt 0:02:30]} a5 {[%emt 0:00:46]} 18. Ne4 {[%emt 0:19:26]} Ba6+ {[%emt 0:10:17]} 19. Ke3 {[%emt 0:05:26]} O-O {[%emt 0:05:52]} 20. Rhd1 {[%emt 0:09:52]} Rfd8 {[%emt 0:03:17]} 21. Ne1 {[%emt 0:06:16]} Bf8 {[%emt 0:09:37]} 22. Nd3 {[%emt 0:01:25]} Nxe4 {[%emt 0:01:57]} 23. Kxe4 {[%emt 0:00:12]} Bb7 {[%emt 0:03:04]} 24. Ke3 {[%emt 0:00:40]} Nd4 {[%emt 0:00:24]} 25. f3 {[%emt 0:01:10]} Rac8 {[%emt 0:02:28]} 26. Bb1 {[%emt 0:01:05]} Nf5+ {[%emt 0:02:32]} 27. Kf2 {[%emt 0:00:53]} Nxh4 {[%emt 0:00:39]} 28. Be3 {[%emt 0:00:36]} Rxc1 {[%emt 0:05:46]} 29. Rxc1 {[%emt 0:00:11]} Ba6 {[%emt 0:00:26]} 30. Bxb6 {[%emt 0:02:44]} Rd5 {[%emt 0:04:02]} 31. Rc3 {[%emt 0:03:18]} Ng6 {[%emt 0:03:41]} 32. g3 {[%emt 0:02:27]} Nxe5 {[%emt 0:01:46]} 33. Nxe5 {[%emt 0:00:52]} Rxe5 {[%emt 0:00:15]} 34. Be4 {[%emt 0:00:21]} Rb5 {[%emt 0:01:44]} 35. Bd4 {[%emt 0:01:22]} Rxb2+ {[%emt 0:00:18]} 36. Ke3 {[%emt 0:00:47]} Re2+ {[%emt 0:00:53]} 37. Kf4 {[%emt 0:00:10]} g5+ {[%emt 0:00:15]} 38. Ke5 {[%emt 0:00:03]} Bg7+ {[%emt 0:00:15]} 0-1

[Event "FIN-ch Seniors 50 2020"]
[Site "Helsinki"]
[Date "2020.09.27"]
[Round "6.4"]
[White "Salmenkivi, Eero"]
[Black "Salmi, Ilkka"]
[Result "1-0"]
[WhiteElo "2053"]
[BlackElo "1870"]
[Annotator "ChessBase"]
[PlyCount "31"]
[EventDate "2020.09.24"]
[EventType "tourn"]
[EventCountry "FIN"]
[SourceTitle "playchess.com"]
[Source "ChessBase"]
[SourceQuality "1"]
[TimeControl "40/5400+30:1800+30"]

1. e4 {[%emt 1:30:30]} e5 {[%emt 1:30:30]} 2. Nf3 {[%emt 0:00:30]} Nc6 {[%emt 0:00:30]} 3. Bc4 {[%emt 0:00:30]} Bc5 {[%emt 0:00:30]} 4. c3 {[%emt 0:00:30]} Nf6 {[%emt 0:00:30]} 5. d4 {[%emt 0:00:30]} exd4 {[%emt 0:00:30]} 6. e5 {[%emt 0:00:30]} Qe7 {[%emt 0:00:30]} 7. O-O {[%emt 0:00:30]} Nxe5 {[%emt 0:00:30]} 8. Re1 {[%emt 0:00:30]} d6 {[%emt 0:00:30]} 9. cxd4 {[%emt 0:00:30]} Bb4 {[%emt 0:00:30]} 10. dxe5 {[%emt 0:00:30]} Bxe1 {[%emt 0:00:30]} 11. exf6 {[%emt 0:00:30]} Bxf2+ {[%emt 0:00:30]} 12. Kxf2 {[%emt 0:00:30]} Qxf6 {[%emt 0:00:30]} 13. Nc3 {[%emt 0:00:30]} O-O {[%emt 0:00:30]} 14. Nd5 {[%emt 0:00:30]} Qd8 {[%emt 0:00:30]} 15. Bg5 {[%emt 0:00:30]} Qd7 {[%emt 0:00:30]} 16. Qd4 {[%emt 0:00:30]} 1-0

[Event "FIN-ch Seniors 50 2020"]
[Site "Helsinki"]
[Date "2020.09.27"]
[Round "7.4"]
[White "Piho, Juha"]
[Black "Hamalainen, Sami"]
[Result "1/2-1/2"]
[WhiteElo "1915"]
[BlackElo "2182"]
[Annotator "ChessBase"]
[PlyCount "34"]
[EventDate "2020.09.24"]
[EventType "tourn"]
[EventCountry "FIN"]
[SourceTitle "playchess.com"]
[Source "ChessBase"]
[SourceQuality "1"]
[TimeControl "40/5400+30:1800+30"]

1. e4 {[%emt 1:30:30]} e6 {[%emt 1:30:30]} 2. d4 {[%emt 0:00:30]} d5 {[%emt 0:00:30]} 3. Nc3 {[%emt 0:00:30]} Bb4 {[%emt 0:00:30]} 4. e5 {[%emt 0:00:30]} c5 {[%emt 0:00:30]} 5. a3 {[%emt 0:00:30]} Bxc3+ {[%emt 0:00:30]} 6. bxc3 {[%emt 0:00:30]} Qc7 {[%emt 0:00:30]} 7. Nf3 {[%emt 0:00:30]} b6 {[%emt 0:00:30]} 8. Bd3 {[%emt 0:00:30]} Ba6 {[%emt 0:00:30]} 9. O-O {[%emt 0:00:30]} Ne7 {[%emt 0:00:30]} 10. Bxa6 {[%emt 0:00:30]} Nxa6 {[%emt 0:00:30]} 11. Qe2 {[%emt 0:00:30]} Nb8 {[%emt 0:00:30]} 12. a4 {[%emt 0:00:30]} Nd7 {[%emt 0:00:30]} 13. Ng5 {[%emt 0:00:30]} h6 {[%emt 0:00:30]} 14. Qh5 {[%emt 0:00:30]} g6 {[%emt 0:00:30]} 15. Qh3 {[%emt 0:00:30]} cxd4 {[%emt 0:00:30]} 16. cxd4 {[%emt 0:00:30]} Nf5 {[%emt 0:00:30]} 17. c3 {[%emt 0:00:30]} Rg8 {[%emt 0:00:30]} 1/2-1/2